00293nam a2200121Ia 4500008004100000082001800041100001600059245003800075250000800113260002300121300001000144650001700154150201s2005 xx 000 0 und d a617.6bI2005D aDABAS,VIPIN aINTRODUCTION TO ORAL IMPLANTOLOGY a1ST bAITBSaDELHIc2005 a1-194 aIMPLANTOLOGY